Expedition Citroën Centre-Asia (Record no. 90134)

MARC details
000 -LEADER
campo de control de longitud fija 00647nam a2200181 i 4500
001 - NÚMERO DE CONTROL
campo de control 90134
003 - IDENTIFICADOR DE NÚMERO DE CONTROL
campo de control ES-MaACL
005 - FECHA Y HORA DE LA ÚLTIMA TRANSACCIÓN
campo de control 20230906180347.0
007 - CAMPO FIJO DE DESCRIPCIÓN FÍSICA--INFORMACIÓN GENERAL
campo de control de longitud fija t|
008 - DATOS DE LONGITUD FIJA--INFORMACIÓN GENERAL
campo de control de longitud fija 050118s1934 fr ||||1| fre d
100 1# - ENTRADA PRINCIPAL--NOMBRE DE PERSONA
Nombre de persona Lefevre, Georges.
9 (RLIN) 71241
245 10 - MENCIÓN DEL TÍTULO
Título Expedition Citroën Centre-Asia
Resto del título : la croisiere jaune : troisième mission G.M. Haardt-L. Andouin-Dubreuil /
Mención de responsabilidad, etc. par Georges Lefevre ; préface d'André Citroën ; introduction de L. Andouin-Dubreuil.
260 ## - PUBLICACIÓN, DISTRIBUCIÓN, ETC.
Lugar de publicación, distribución, etc. Paris :
Nombre del editor, distribuidor, etc. Plon,
Fecha de publicación, distribución, etc. [1934]
300 ## - DESCRIPCIÓN FÍSICA
Extensión XLVI, 366 p. ;
Dimensiones 20 cm.
700 1# - ENTRADA AGREGADA--NOMBRE PERSONAL
Nombre de persona Andouin-Dubreuil, L.
9 (RLIN) 21501
700 1# - ENTRADA AGREGADA--NOMBRE PERSONAL
Nombre de persona Citroën, André.
9 (RLIN) 38936
852 ## - LOCALIZACIÓN
Ubicación ES-MaACL
Número de control de estantería A-3290
Holdings
Estatus retirado Estado de pérdida Estado de daño No para préstamo Biblioteca de origen Biblioteca actual Ubicación en estantería Fecha de adquisición Fuente de adquisición Total de préstamos Signatura topográfica completa Código de barras Visto por última vez Precio de reemplazo Tipo de ítem Koha
        Biblioteca del Ateneo de Madrid Biblioteca del Ateneo de Madrid Sala Pecera Planta 1 17/01/2008     A-3290 1094127 23/02/2023 23/02/2023 Libro impreso